Ч. 2. Книга для преподавателя; Профессиональный английский язык: проектный менеджмент для инженеров

Bibliografski detalji
Parent link:Черемисина, И. А.. Профессиональный английский язык: проектный менеджмент для инженеров: учебное пособие/ И. А. Черемисина, Б. К. Темпл; Томский политехнический университет (ТПУ) ; Национальный исследовательский Томский политехнический университет (ТПУ). Ч. 2: Книга для преподавателя.— 4-е изд..— .— Томск: Изд-во ТПУ, 2010
Glavni autor: Черемисина Харрер И. А. Инна Алексеевна
Autor kompanije: Национальный исследовательский Томский политехнический университет (570)
Daljnji autori: Темпл Б. К. Брайан Кендалл
Sažetak:Заглавие с титульного экрана
Электронная версия печатной публикации
Режим доступа: из корпоративной сети ТПУ
Jezik:engleski
Izdano: 2010
Teme:
Online pristup:http://www.lib.tpu.ru/fulltext2/m/2009/m33.pdf
Format: MixedMaterials Elektronički Knjiga
KOHA link:https://koha.lib.tpu.ru/cgi-bin/koha/opac-detail.pl?biblionumber=163102

MARC

LEADER 00000nlm2a2200000 4500
001 163102
005 20250604141053.0
035 |a (RuTPU)RU\TPU\book\176923 
090 |a 163102 
100 |a 20090707d2010 m y0rusy50 ca 
101 0 |a eng 
102 |a RU 
105 |a a j 001zy 
135 |a vrcn ---uucaa 
181 0 |a i  
182 0 |a b 
200 0 |a Ч. 2. Книга для преподавателя 
203 |a Текст  |c электронный 
210 |d 2010 
300 |a Заглавие с титульного экрана 
300 |a Электронная версия печатной публикации 
333 |a Режим доступа: из корпоративной сети ТПУ 
452 1 |0 (RuTPU)RU\TPU\book\217487  |y 978-5-98298-593-4  |t Ч. 2: Книга для преподавателя  |d 2010  |p 132 с. 
461 1 |0 163099  |9 163099  |a Черемисина, И. А.   |t Профессиональный английский язык: проектный менеджмент для инженеров  |o учебное пособие  |o в 2 ч.  |f И. А. Черемисина, Б. К. Темпл  |g Томский политехнический университет (ТПУ) ; Национальный исследовательский Томский политехнический университет (ТПУ)  |e 4-е изд.  |c Томск  |n Изд-во ТПУ  |d 2010  |v Ч. 2: Книга для преподавателя 
606 1 |a Английский язык  |x Учебные руководства и пособия  |x Учебные руководства и пособия для высшей школы  |2 stltpush  |3 (RuTPU)RU\TPU\subj\29071  |9 52483 
610 1 |a лексика 
610 1 |a деловое общение 
610 1 |a разговорная речь 
610 1 |a управление 
610 1 |a менеджмент 
610 1 |a проектный менеджмент 
610 1 |a учебные пособия 
610 1 |a преподавание 
610 1 |a методика 
610 1 |a электронный ресурс 
610 1 |a труды учёных ТПУ 
686 |a Ш143.21-923.4  |2 rubbk 
700 1 |a Черемисина Харрер  |b И. А.  |c лингвист  |c доцент Томского политехнического университета, кандидат филологических наук  |f 1966-  |g Инна Алексеевна  |9 13512 
701 1 |a Темпл  |b Б. К.  |g Брайан Кендалл 
712 0 2 |a Национальный исследовательский Томский политехнический университет  |c (2009- )  |4 570  |9 26305 
801 1 |a RU  |b 63413507  |c 20090707  |g PSBO 
801 2 |a RU  |b 63413507  |c 20110909  |g PSBO 
850 |a 63413507 
856 4 |u http://www.lib.tpu.ru/fulltext2/m/2009/m33.pdf 
942 |c CF